Normal view
MARC view
Entry Personal Name
001 - CONTROL NUMBER
- control field: 5188
003 - CONTROL NUMBER IDENTIFIER
- control field: OSt
005 - DATE AND TIME OF LATEST TRANSACTION
- control field: 20150812175501.0
008 - FIXED-LENGTH DATA ELEMENTS
- fixed length control field: 150812|| aca||aabn | a|a d
040 ## - CATALOGING SOURCE
- Original cataloging agency: OSt
- Transcribing agency: OSt
100 ## - HEADING--PERSONAL NAME
- Personal name: Ramji, Dr Marni Tata
670 ## - SOURCE DATA FOUND
- Source citation: Work cat.: (OSt)6765: Ramji, Dr Marni Tata, The Concept of Personality in The Educational Thought of Mahatma Gandhi, 1969









